1804 1848 1576 1725 1797 1564 1850 1491 1538 1439 1517 1037 1564 1201 1668 1603 1593 1921 1447 1541 1002 1164 1146 1822 1538 1329 1260 1435 1459 1168 1190 1598 1222 1953 1163 1914 1599 1017 1733 1428 1099 1326 1124 1183 1398 1710 1122 1372 1827 1014 1819 1155 1006 1161 1012 1010 1348 1472 1098 1054 1007 1086 1072 1475 1784 1889 1418 1018 1217 1163 1770 1343 1510 1590 1471 1106 1409 1609 1651 1381 1574 1035 1314 1416 1233 1763 1754 1121 1922 1873 1355 1872 1171 1246 1564 1256 1898 1129 1346 BCNSPRNW ULIB Ver.6.0+V

เปลี่ยนเป็นภาษาไทย

Change to English
 แสดงรายละเอียดบรรณานุกรม
  กลับหน้าหลัก

Brief Record : Get Marc (ISO 2709) : E-mail record : QR code < ปิดหน้าต่าง
LEADER : 00000nam 2200000uu 4500
001    13399121302
003     ULIB
008    121114s2006||||th 000 0 tha d
020    ^a9746957643
050  4 ^aPE1128.^bว378ภ
100 0  ^aW.warren
245 10 ^aภาษาอังกฤษพื้นฐาน =^bFoundamental English /^cW.warren
246 31 ^aFoundamental English
250    ^aพิมพ์ครั้งที่ 1
260    ^aกรุงเทพฯ :^bวังอักษร,^c2006
300    ^a168 หน้า
650  7 ^aแบบฝึกหัดภาษาอังกฤษ
945    ^p50^l0^i14155
995    ^aวิภา
999 ^a ใช้งานได้ทุกระบบ
รายการนี้ยังไม่มีแท็ก
คุณยังไม่ได้ล็อกอิน คุณสามารถมีกิจกรรมร่วมกับเว็บไซต์ได้ แต่ต้องล็อกอินก่อน ::
  ล็อกอิน

รายการสื่อสารสนเทศ

ลำดับที่ ประเภท เลขเรียก/บาร์โค้ด สถานที่ สถานะ
1. วิทยาศาสตร์การแพทย์ และสุขภาพ
วิทยาศาสตร์การแพทย์ และสุขภาพ
PE1128. ว378ภ  
  Barcode: 14155
ห้องสมุดวิทยาเขตสวรรค์ประชารักษ์
►หนังสือทั่วไป
บนชั้น

รายการใกล้เคียง
    ผู้แต่ง [W.warren]

    หัวเรื่อง [แบบฝึกหัดภาษาอังกฤษ]

BibComment


ยังไม่เคยถูกคอมเมนท์

คอมเมนท์ทรัพยากรรายการนี้
  คอมเมนท์: ภาษาอังกฤษพื้นฐา..


 Copyright 2026. Bcnsprnw @Library